000
00269nam a2200097Ia 4500
005
20250424112837.0
008
250424s9999 xx 000 0 und d
300
_a
289-431 p. : ill. ; 28 cm.
650
_a
Electrical engineering--Data processing--Periodicals.
942
_c
SR
999
_c
37465
_d
37465